000 00602nam a2200181Ia 4500
008 100920s9999 xx 000 0 und d
082 _b92832
_a24 न 03
100 _aश्रीवास्तव रतन.
245 _aअंधेरी चांदनी राते.
260 _bसुर्य, बिकानेर.
_c2003
300 _a103
_bसाधी
365 _b125
520 _aसायो.
630 _aअंधेरी चांदनी राते.
650 _aसायो.
730 _aअंधेरी चांदनी राते.
942 _cBOOK
999 _c733275
_d733272